|
|
|
|
| LEADER |
01436nam a2200337 a 4500 |
| 001 |
33254 |
| 003 |
BD-DhAAL |
| 005 |
20180707122534.0 |
| 008 |
180707t2004 bg a b 000 0 eng d |
| 999 |
|
|
|c 39576
|d 39576
|
| 010 |
|
|
|a 2005386698
|
| 020 |
|
|
|a 9848574042
|
| 025 |
|
|
|a B-E-2005-386698; 18
|
| 037 |
|
|
|b Library of Congress -- New Delhi Overseas Office
|c Tk400.00
|
| 040 |
|
|
|a DLC
|c DLC
|d BD-DhAAL
|
| 042 |
|
|
|a lcode
|
| 043 |
|
|
|a a-bg---
|
| 050 |
0 |
0 |
|a QL556.B36
|b L37 2004
|
| 082 |
|
|
|a 595.789095492
|
| 100 |
1 |
|
|a Larsen, Torben B.
|q (Torben Bjørn),
|d 1944-
|9 26587
|
| 245 |
1 |
0 |
|a Butterflies of Bangladesh :
|b an annotated checklist /
|c Torben B. Larsen.
|
| 260 |
|
|
|a Dhaka :
|b IUCN, the World Conservation Union, Bangladesh Country Office,
|c c2004.
|
| 300 |
|
|
|a 158 pages :
|b illustrations (chiefly coloe) ;
|c 22 cm.
|
| 504 |
|
|
|a Includes bibliographical references (pages 135-147).
|
| 526 |
|
|
|a ARC
|
| 541 |
|
|
|e 33254
|
| 650 |
|
0 |
|a Butterflies
|z Bangladesh.
|9 26588
|
| 710 |
2 |
|
|a IUCN--The World Conservation Union.
|b Bangladesh Country Office.
|9 26589
|
| 852 |
|
|
|a Department of Architecture
|c General Stacks
|
| 942 |
|
|
|2 ddc
|c BK
|
| 952 |
|
|
|0 0
|1 1
|2 ddc
|4 0
|6 595_789095492000000_LAR
|7 0
|9 63596
|a ARC
|b ARC
|c GEN
|d 2018-07-07
|l 0
|o 595.789095492 LAR
|p 3010033254
|r 2018-07-07
|t 1
|w 2018-07-07
|y BK
|x lost from the ARC department library and approved by the Dean (reasons personal books withdrawn by Hasibul Kabir Sir and Building shifting)
|